Statistics for Geography by Letter on the World Map - G

Click here to take the quiz!

General Stats

  • This quiz has been taken 8,810 times
    (2,315 since last reset)
  • The average score is 14 of 20

Answers on the Map

Answers color-coded by a green-red scale on the quiz's map according to % correct below.
Loading ...
 

Answer Stats

Answer% Correct
Greenland
98%
Great Britain
94%
Georgia
92%
Great Lakes
91%
Gibraltar Strait
91%
Ghana
91%
Greece
90%
Ganges
85%
Galapagos Islands
83%
Greenwich
76%
Gothenburg
70%
Gdansk
68%
Gobi
66%
Gulf of Guinea
65%
Georgetown
61%
Gaborone
50%
Gotland
34%
Great Australian Bight
26%
Great Dividing Range
19%
Godavari
9%

Score Distribution

Percentile by Number Answered

Percent of People with Each Score

Your Score History

You have not taken this quiz since the last reset